Bollards 1/5 of the (street view) world - Statistics

General Stats
  • This quiz has been taken 26 times
  • The average score is 7 of 92
Answer Stats
Picture Answer % Correct
Germany
38%
Latvia
31%
Latvia
31%
Mexico
23%
Spain
23%
Switzerland
23%
United States
23%
United States
23%
Austria
15%
Canada
15%
Estonia
15%
Japan
15%
Kyrgyzstan
15%
Mexico
15%
Norway
15%
South Korea
15%
South Korea
15%
Sri Lanka
15%
Sweden
15%
United States
15%
United States
15%
United States
15%
United States
15%
United States
15%
United States
15%
United States
15%
United States
15%
Argentina
8%
Austria
8%
Brazil
8%
Cambodia
8%
Canada
8%
Canada
8%
Colombia
8%
Estonia
8%
Finland
8%
France
8%
India
8%
Indonesia
8%
Kyrgyzstan
8%
Laos
8%
Laos
8%
Liechtenstein
8%
Malaysia
8%
Mexico
8%
Peru
8%
Russia
8%
Spain
8%
Sweden
8%
Sweden
8%
Sweden
8%
Sweden
8%
Thailand
8%
United States
8%
United States
8%
Åland
0%
Austria
0%
Brazil
0%
Brazil
0%
Bulgaria
0%
Bulgaria
0%
Chile
0%
Germany
0%
India
0%
India
0%
Indonesia
0%
Indonesia
0%
Ireland
0%
Israel
0%
Israel
0%
Kyrgyzstan
0%
Kyrgyzstan
0%
Laos
0%
Lithuania
0%
Luxembourg
0%
Malaysia
0%
Portugal
0%
Portugal
0%
Senegal
0%
Singapore
0%
South Korea
0%
Spain
0%
Sweden
0%
Sweden
0%
Switzerland
0%
Switzerland
0%
Thailand
0%
Thailand
0%
Thailand
0%
Ukraine
0%
United States
0%
United States
0%
No matching quizzes found
Score Distribution
Percent of People with Each Score
Percentile by Number Answered
Your Score History
You have not taken this quiz